Don Gil de las calzas verdes
Збережено в:
| Формат: | Книга |
|---|---|
| Мова: | Іспанська |
| Опубліковано: |
Zaragoza
Ebro
1975
|
| Редагування: | 4a. ed |
| Серія: | Biblioteca Clásica Ebro. Clásicos Españoles, 92
|
| Предмети: | |
| Теги: |
Додати тег
Немає тегів, Будьте першим, хто поставить тег для цього запису!
|
MARC
| LEADER | 00000nam a2200000 a 4500 | ||
|---|---|---|---|
| 001 | UCQ2862 | ||
| 003 | CL-VaPUC | ||
| 008 | 980731e19750000SP |||||||||||||||||spa|d | ||
| 082 | 0 | 4 | |a 862 |b TIR |2 21 |
| 245 | 1 | 0 | |a Don Gil de las calzas verdes |
| 250 | |a 4a. ed | ||
| 300 | |a 132 p | ||
| 942 | |c BK | ||
| 945 | |d 19980731 00:00:00 |a lriquelm | ||
| 260 | |a Zaragoza |b Ebro |c 1975 | ||
| 650 | 0 | |a Dramas españoles |9 267081 | |
| 650 | 0 | |a Literatura española |9 306261 | |
| 583 | |a last modification |c 19980731 00:00:00 |k Rodrigo Vera | ||
| 490 | 0 | |a Biblioteca Clásica Ebro. Clásicos Españoles, 92 | |
| 999 | |c 273622 |d 273620 | ||
| 952 | |0 0 |1 0 |4 0 |6 862_000000000000000_TIR_1975 |7 0 |8 A |9 309390 |a BIBEDU |b BIBEDU |d 2019-11-20 |i 1450530 |o 862 TIR 1975 |p 1450530 |r 2019-11-20 |w 2019-11-20 |y BK |k LIT | ||